Norwich City Squad 2011–12 Premier League Season - Statistics

General Stats
  • This quiz has been taken 5 times
  • The average score is 22 of 28
Answer Stats
Answer % Correct
Bradley Johnson
100%
Chris Martin
100%
Daniel Ayala
100%
Declan Rudd
100%
Grant Holt
100%
John Ruddy
100%
Jonny Howson
100%
Paul Lambert
100%
Russell Martin
100%
Simeon Jackson
100%
Steve Morison
100%
Wes Hoolahan
100%
Aaron Wilbraham
75%
Adam Drury
75%
Andrew Crofts
75%
Andrew Surman
75%
Anthony Pilkington
75%
David Fox
75%
Elliott Bennett
75%
Ritchie De Laet
75%
Ryan Bennett
75%
Zak Whitbread
75%
Elliott Ward
50%
James Vaughan
50%
Leon Barnett
50%
Marc Tierney
50%
Simon Lappin
50%
Kyle Naughton
25%
No matching quizzes found
Score Distribution
Percent of People with Each Score
Percentile by Number Answered
Your Score History
You have not taken this quiz